[Event "Goch op 22nd"]
[Site "Goch"]
[Date "2011.10.01"]
[Round "5"]
[White "Bakshi, Raj"]
[Black "Glinzk, Michael"]
[Result "0-1"]
[WhiteElo "1796"]
[BlackElo "2010"]
[PlyCount "102"]
[EventDate "2011.09.29"]
[EventType "swiss"]
[EventRounds "7"]
[EventCountry "GER"]
[SourceTitle "EXT 2014"]
[Source "ChessBase"]
[SourceDate "2013.11.20"]
[SourceVersion "1"]
[SourceVersionDate "2013.11.20"]
[SourceQuality "1"]

1. Nf3 c5 2. d3 Nc6 3. g3 g6 4. Bg2 Bg7 5. 0-0 d6 6. c3 e6 7. e4 Nge7 8. Re1 0-0 9. Nbd2 Rb8 10. Nf1 b5 11. Nh4 b4 12. c4 e5 13. f4 exf4 14. gxf4 Nd4 15. Nf3 Nec6 16. Nxd4 Nxd4 17. Ne3 Qh4 18. Bd2 Ne6 19. Rf1 Bxb2 20. Rb1 Bd4 21. Kh1 Ng7 22. Be1 Qh6 23. Nd5 Kh8 24. Bd2 Nh5 25. Qe1 f5 26. e5 dxe5 27. Qh4 Qg7 28. Rbe1 Bb7 29. Bf3 Nxf4 30. Bxf4 exf4 31. Qxf4 Rbe8 32. Ne3 Re5 33. Bxb7 Qxb7+ 34. Nd5 Rfe8 35. Rxe5 Rxe5 36. Qf3 a5 37. h4 a4 38. Qg2 b3 39. axb3 axb3 40. h5 Re6 41. Qg5 Bf6 42. Qg2 Kg7 43. hxg6 hxg6 44. Rg1 Bd4 45. Rb1 b2 46. Qg3 Ra6 47. Kh2 Ra8 48. Qd6 Qf7 49. Kh3 g5 50. Rh1 Rh8+ 51. Kg2 g4 0-1

[Event "Goch op 22nd"]
[Site "Goch"]
[Date "2011.09.30"]
[Round "3"]
[White "Bakshi, Raj"]
[Black "Biessner, Eberhard"]
[Result "1-0"]
[WhiteElo "1796"]
[BlackElo "1982"]
[PlyCount "97"]
[EventDate "2011.09.29"]
[EventType "swiss"]
[EventRounds "7"]
[EventCountry "GER"]
[SourceTitle "EXT 2014"]
[Source "ChessBase"]
[SourceDate "2013.11.20"]
[SourceVersion "1"]
[SourceVersionDate "2013.11.20"]
[SourceQuality "1"]

1. Nf3 Nf6 2. d3 d5 3. g3 c5 4. Bg2 Nc6 5. 0-0 e5 6. Nbd2 Bd6 7. e4 d4 8. a3 b5 9. Re1 a6 10. c3 0-0 11. a4 Rb8 12. c4 h6 13. cxb5 axb5 14. axb5 Rxb5 15. Nc4 Be6 16. Nfd2 Qc7 17. Nxd6 Qxd6 18. Nc4 Qc7 19. f4 Bxc4 20. dxc4 Rb4 21. b3 Rfb8 22. Rb1 R4b7 23. fxe5 Nxe5 24. Bf4 g5 25. Bxe5 Qxe5 26. Rf1 Kg7 27. Rf5 Qe7 28. e5 Nd7 29. Bxb7 Rxb7 30. Qf3 Rb6 31. Rf1 f6 32. exf6+ Nxf6 33. Rf2 Re6 34. Kg2 Kg6 35. Qd3 Kg7 36. h3 Re3 37. Qc2 d3 38. Qc3 Qe4+ 39. Kh2 Qd4 40. Qxd4 cxd4 41. Rxf6 Re2 42. Rf7+ Kg6 43. Kg1 d2 44. Rf1 Re1 45. Kg2 g4 46. R1f6+ Kh5 47. hxg4+ Kxg4 48. Rf4+ Kg5 49. Rg7+ 1-0

[Event "Dortmund Sparkassen op-B"]
[Site "Dortmund"]
[Date "2011.07.31"]
[Round "9"]
[White "Bakshi, Raj"]
[Black "Mueller, Rene"]
[Result "0-1"]
[WhiteElo "1796"]
[BlackElo "1777"]
[PlyCount "58"]
[EventDate "2011.07.23"]
[EventType "swiss"]
[EventRounds "9"]
[EventCountry "GER"]
[SourceTitle "EXT 2013"]
[Source "ChessBase"]
[SourceDate "2012.11.22"]
[SourceVersion "1"]
[SourceVersionDate "2012.11.22"]
[SourceQuality "1"]

1. Nf3 Nf6 2. c4 g6 3. Nc3 Bg7 4. g3 d6 5. Bg2 0-0 6. 0-0 e5 7. d4 Nc6 8. d5 Ne7 9. c5 dxc5 10. Nxe5 Bf5 11. f4 Nd7 12. Nxd7 Qxd7 13. e4 Bh3 14. Be3 Bxg2 15. Kxg2 b6 16. Qd2 Rad8 17. Rad1 Rfe8 18. h3 h5 19. Qd3 Nc6 20. Qd2 Nd4 21. e5 Nf5 22. Bf2 c6 23. d6 Bxe5 24. fxe5 Rxe5 25. Qf4 Rde8 26. g4 hxg4 27. Qxg4 R8e6 28. Rfe1 Rxe1 29. Bxe1 Ne3+ 0-1

[Event "Dortmund Sparkassen op-B"]
[Site "Dortmund"]
[Date "2010.07.21"]
[Round "5"]
[White "Wiedemann, Jan"]
[Black "Bakshi, Raj"]
[Result "1-0"]
[WhiteElo "1607"]
[BlackElo "1816"]
[PlyCount "41"]
[EventDate "2010.07.17"]
[EventType "swiss"]
[EventRounds "9"]
[EventCountry "GER"]
[SourceTitle "EXT 2014"]
[Source "ChessBase"]
[SourceDate "2013.11.20"]
[SourceVersion "1"]
[SourceVersionDate "2013.11.20"]
[SourceQuality "1"]

1. d4 Nf6 2. Nf3 d6 3. Bg5 Nbd7 4. e3 c6 5. c3 g6 6. Be2 Bg7 7. 0-0 0-0 8. Nbd2 d5 9. h3 Re8 10. Bf4 Ne4 11. Qc2 Nxd2 12. Qxd2 e5 13. dxe5 Nxe5 14. Nxe5 Bxe5 15. Bxe5 Rxe5 16. Bf3 Qf6 17. Qd4 Bxh3 18. gxh3 Rg5+ 19. Bg4 Qxd4 20. exd4 h5 21. f4 1-0

[Event "Dortmund op-B"]
[Site "Dortmund"]
[Date "2009.07.08"]
[Round "5"]
[White "Bakshi, Raj"]
[Black "Baerwolf, Steven"]
[Result "0-1"]
[WhiteElo "1846"]
[BlackElo "1865"]
[PlyCount "60"]
[EventDate "2009.07.04"]
[EventType "swiss"]
[EventRounds "9"]
[EventCountry "GER"]
[SourceTitle "EXT 2012"]
[Source "ChessBase"]
[SourceDate "2011.11.24"]
[SourceVersion "1"]
[SourceVersionDate "2011.11.24"]
[SourceQuality "1"]

1. Nf3 e6 2. g3 b6 3. c4 Bb7 4. Bg2 Nf6 5. Nc3 c5 6. 0-0 d6 7. d4 Nbd7 8. d5 Be7 9. dxe6 fxe6 10. Ng5 Bxg2 11. Nxe6 Qc8 12. Kxg2 Ne5 13. Nd5 Rb8 14. Nxf6+ gxf6 15. Qd5 Rg8 16. Nc7+ Kd7 17. Nb5 Rg4 18. b3 a6 19. Nc3 Rd4 20. Qxd4 cxd4 21. Ne4 f5 22. Nd2 Qc6+ 23. f3 Ng4 24. Nb1 Bf6 25. Na3 d3 26. Rb1 dxe2 27. Re1 Re8 28. Bf4 Bc3 29. Kh3 Nf2+ 30. Kg2 Bxe1 0-1

[Event "Oberhausen op"]
[Site "Oberhausen"]
[Date "2009.04.09"]
[Round "1"]
[White "Bakshi, Raj"]
[Black "Hausrath, Daniel"]
[Result "0-1"]
[WhiteElo "1868"]
[BlackElo "2493"]
[PlyCount "70"]
[EventDate "2009.04.09"]
[EventType "swiss"]
[EventRounds "7"]
[EventCountry "GER"]
[SourceTitle "CBM 129 Extra"]
[Source "ChessBase"]
[SourceDate "2009.05.05"]
[SourceVersion "2"]
[SourceVersionDate "2009.05.20"]
[SourceQuality "1"]

1. d4 Nf6 2. c4 Nc6 3. Nf3 e6 4. e3 Bb4+ 5. Nc3 0-0 6. a3 Bxc3+ 7. bxc3 d6 8. Be2 b6 9. 0-0 Ba6 10. Re1 Na5 11. Nd2 c5 12. Bf3 Rc8 13. d5 Bxc4 14. Nxc4 Nxc4 15. dxe6 fxe6 16. e4 Ne5 17. Bg5 c4 18. Be2 h6 19. f4 hxg5 20. fxe5 dxe5 21. Qc2 Qe7 22. h3 Qc5+ 23. Kh1 Qf2 24. Rf1 Qh4 25. Kg1 Qxe4 26. Qxe4 Nxe4 27. Rxf8+ Kxf8 28. Bg4 Nxc3 29. Bxe6 Rc6 30. Rf1+ Ke7 31. Bg4 Nb5 32. Rf5 Kd6 33. Rxg5 c3 34. Bf3 Rc7 35. Rg6+ Kc5 0-1

[Event "Duesseldorf Nord Cup 8th GrI"]
[Site "Duesseldorf"]
[Date "2008.08.03"]
[Round "4"]
[White "Brack, Werner Heinz"]
[Black "Bakshi, Raj"]
[Result "1/2-1/2"]
[WhiteElo "1613"]
[BlackElo "1636"]
[PlyCount "77"]
[EventDate "2008.08.01"]
[EventType "tourn"]
[EventRounds "5"]
[EventCountry "GER"]
[SourceTitle "EXT 2017"]
[Source "ChessBase"]
[SourceDate "2016.10.25"]
[SourceVersion "1"]
[SourceVersionDate "2016.10.25"]
[SourceQuality "1"]

1. d4 c5 2. d5 g6 3. Nf3 Bg7 4. e4 d6 5. Bb5+ Nd7 6. c3 a6 7. Bxd7+ Bxd7 8. Bf4 Bg4 9. Nbd2 b5 10. h3 Bxf3 11. Qxf3 Nf6 12. 0-0 0-0 13. Rfe1 Nd7 14. Qg3 c4 15. Be3 Ne5 16. Nf3 Nd3 17. Re2 b4 18. Nd4 bxc3 19. bxc3 e5 20. dxe6 Nc5 21. Nc6 Nxe4 22. Nxd8 Nxg3 23. fxg3 Rfxd8 24. exf7+ Kxf7 25. Rf1+ Kg8 26. Bb6 Re8 27. Rxe8+ Rxe8 28. Rd1 Be5 29. g4 Bg3 30. Kf1 Rf8+ 31. Ke2 Rf4 32. a4 Rf6 33. a5 Be5 34. Bd4 Re6 35. Bxe5 Rxe5+ 36. Kf3 Rxa5 37. Rxd6 Ra3 38. Kf4 a5 39. Ra6 1/2-1/2

[Event "Dortmund op-B"]
[Site "Dortmund"]
[Date "2007.06.24"]
[Round "3"]
[White "Fichtner, Ewald"]
[Black "Bakshi, Raj"]
[Result "0-1"]
[WhiteElo "1510"]
[BlackElo "1722"]
[PlyCount "100"]
[EventDate "2007.06.22"]
[EventType "swiss"]
[EventRounds "9"]
[EventCountry "GER"]
[SourceTitle "EXT 2008"]
[Source "ChessBase"]
[SourceDate "2007.11.25"]
[SourceVersion "1"]
[SourceVersionDate "2007.11.25"]
[SourceQuality "1"]

1. e4 c5 2. Nf3 e6 3. d4 cxd4 4. Nxd4 a6 5. Be3 Qc7 6. a3 Nf6 7. Nc3 b5 8. Be2 Bb7 9. f3 Be7 10. Qd2 d5 11. exd5 Nxd5 12. Nxd5 Bxd5 13. Rc1 Nd7 14. Nb3 0-0 15. Na5 Bh4+ 16. g3 Bf6 17. Bd4 Bxd4 18. Qxd4 Qxa5+ 19. b4 Qc7 20. c4 bxc4 21. Bxc4 Bxc4 22. Rxc4 Qe5+ 23. Kf2 Qxd4+ 24. Rxd4 Nb6 25. Rc1 Nd5 26. Rc6 g6 27. f4 Rfc8 28. Rdc4 Rxc6 29. Rxc6 Kg7 30. Ke2 a5 31. b5 a4 32. Kd3 Rb8 33. Kc4 Kf6 34. Ra6 Ke7 35. Ra7+ Kf6 36. Kc5 g5 37. fxg5+ Kg6 38. Rxa4 Kxg5 39. Rh4 h5 40. a4 f5 41. Kd6 Rb6+ 42. Kc5 Rb8 43. Rd4 Nc3 44. b6 e5 45. h4+ Kf6 46. Rb4 e4 47. b7 e3 48. Kc6 e2 49. Kc7 Rxb7+ 50. Rxb7 e1Q 0-1

[Event "Duesseldorf-ch"]
[Site "Duesseldorf"]
[Date "2006.09.21"]
[Round "3"]
[White "Broeker, Clemens"]
[Black "Bakshi, Raj"]
[Result "1-0"]
[WhiteElo "1936"]
[BlackElo "1643"]
[PlyCount "117"]
[EventDate "2006.08.24"]
[EventType "swiss"]
[EventRounds "7"]
[EventCountry "GER"]
[SourceTitle "EXT 2008"]
[Source "ChessBase"]
[SourceDate "2007.11.25"]
[SourceVersion "1"]
[SourceVersionDate "2007.11.25"]
[SourceQuality "1"]

1. e4 c5 2. Nf3 e6 3. d3 g6 4. g3 Bg7 5. Bg2 Nc6 6. 0-0 Nf6 7. Qe2 e5 8. c3 0-0 9. Na3 Re8 10. Bg5 h6 11. Bxf6 Bxf6 12. Nc4 d6 13. a4 a5 14. Nfd2 Rb8 15. Na3 Na7 16. Nb5 Nxb5 17. axb5 b6 18. Nc4 Bb7 19. Ne3 Kh7 20. c4 Bc8 21. Bf3 h5 22. Kh1 Bg5 23. Nd5 Be6 24. Nc3 Rh8 25. Rg1 Kg7 26. Bg2 Qd7 27. Bf1 Bg4 28. f3 Be6 29. Qf2 Rbf8 30. Be2 f5 31. Nd5 Bd8 32. Qe3 Bxd5 33. exd5 Bf6 34. Rgf1 Qe7 35. Rae1 h4 36. g4 Bg5 37. f4 exf4 38. Qxe7+ Bxe7 39. gxf5 Rxf5 40. Bf3 Re5 41. Be4 g5 42. h3 Bf6 43. Re2 Re7 44. Rg2 Kh6 45. Re2 Be5 46. Kg2 Rg8 47. Kf3 Ra7 48. Kg4 a4 49. Ra1 Rga8 50. Ra3 Rf8 51. Kf3 Bd4 52. b3 Rfa8 53. Rea2 g4+ 54. hxg4 axb3 55. Rxa7 Rxa7 56. Rxa7 b2 57. Kxf4 Be5+ 58. Kf5 b1Q 59. g5+ 1-0

[Event "Duesseldorf-ch"]
[Site "Duesseldorf"]
[Date "2006.08.24"]
[Round "1"]
[White "Siemes, Robert"]
[Black "Bakshi, Raj"]
[Result "0-1"]
[WhiteElo "1996"]
[BlackElo "1643"]
[PlyCount "86"]
[EventDate "2006.08.24"]
[EventType "swiss"]
[EventRounds "7"]
[EventCountry "GER"]
[SourceTitle "EXT 2008"]
[Source "ChessBase"]
[SourceDate "2007.11.25"]
[SourceVersion "1"]
[SourceVersionDate "2007.11.25"]
[SourceQuality "1"]

1. e4 c5 2. Nf3 d6 3. d4 cxd4 4. Nxd4 Nf6 5. Nc3 a6 6. f3 e5 7. Nb3 Be6 8. Be3 Be7 9. Qd2 0-0 10. 0-0-0 b5 11. g4 Nbd7 12. h4 b4 13. Nd5 Bxd5 14. exd5 Nb6 15. Na5 Nfxd5 16. Nc6 Qd7 17. Nxe7+ Qxe7 18. Bxb6 Nxb6 19. Qxd6 Qb7 20. Rh2 Na4 21. Bc4 Qxf3 22. Qxb4 Nxb2 23. Qxb2 Qf4+ 24. Rhd2 Qxc4 25. Qxe5 Qxa2 26. Rd3 h6 27. g5 Rac8 28. Qb2 Qe6 29. gxh6 Qxh6+ 30. Kb1 Qxh4 31. Rg1 f6 32. Rd7 g5 33. Rd4 Qh2 34. Qb3+ Rf7 35. Rgd1 Qc7 36. Rb4 a5 37. Rb6 a4 38. Qb2 a3 39. Qb3 Ra8 40. Ka2 Kg7 41. Rh1 Rc8 42. c3 Qc4 43. Rb7 Rxb7 0-1